000 00905nam a2200253Ia 4500
005 20250529112457.0
008 130821s1996 ck gr spa
020 _a9589176348
040 _aCo-BoUCM
_bspa
_cDavid Moreno (modificó)
_dDavid Moreno (modificó)
041 _aspa
100 1 _aBeristain Ipiña, Antonio
_9119851
245 1 0 _aCriminología, victimología y cárceles
_cAntonio Beristain Ipiña
250 _a1a.Ed
260 _aBogotá (Cundinamarca, Colombia)
_bPontificia Universidad Javeriana
_c1996
300 _a2 volúmenes
490 _aColección Profesores,22
505 _aContenido : v. 1: Criminología
650 0 4 _aDerecho penal
_912805
650 0 4 _aTratamiento penitenciario
_9185870
653 _aCriminalidad y exclusión social
653 _aReparación y justicia restaurativa
942 _cLIBRO
_a8
_e1
_mB37
_2DEWEY
_h364
_n0
999 _c19156
_d19156